000
00327nam a22001337a 4500
008
170303b xxu||||| |||| 00| 0 eng d
020
_a
9781890504519
041
_a
eng
080
_2
3 ED
_a
616.073
100
_a
6
101
_a
SHM
245
_a
RADIATION ONCOLOGY NURSING PRACTICE AND EDUCATION
_c
BRUNER.D.W
942
_2
udc
_c
BK
999
_c
6697
_d
6697